HANDBOOK OF HORTICULTURE (Record no. 5090)

MARC details
000 -LEADER
fixed length control field 00376nam a22001697a 4500
005 - DATE AND TIME OF LATEST TRANSACTION
control field 20240207165545.0
008 - FIXED-LENGTH DATA ELEMENTS--GENERAL INFORMATION
fixed length control field 160701b xxu||||| |||| 00| 0 eng d
020 ## - INTERNATIONAL STANDARD BOOK NUMBER
ISBN 81-7164-006-0
041 ## - LANGUAGE CODE
Language code of text/sound track or separate title eng
082 ## - DEWEY DECIMAL CLASSIFICATION NUMBER
Item number 20537
100 ## - MAIN ENTRY--AUTHOR NAME
Personal name CHADHA, DR. K.L.
245 ## - TITLE STATEMENT
Title HANDBOOK OF HORTICULTURE
260 ## - PUBLICATION, DISTRIBUTION, ETC. (IMPRINT)
Name of publisher ICAR
Year of publication 2015
300 ## - PHYSICAL DESCRIPTION
Number of Pages 1056
650 ## - SUBJECT ADDED ENTRY--TOPICAL TERM
Topical Term Agriculture
942 ## - ADDED ENTRY ELEMENTS (KOHA)
Koha item type Books
Holdings
Lost status Damaged status Collection code Home library Current library Shelving location Date acquired Cost, normal purchase price Full call number Accession Number Koha item type
    AGRICULTURE JRU Library JRU Library SHELF-43-D 01/07/2016 1000.00 20537 20537 Books
    AGRICULTURE JRU Library JRU Library SHELF-43-D 01/07/2016 1000.00 20537 20538 Books
    AGRICULTURE JRU Library JRU Library SHELF-43-D 01/07/2016 1000.00 20537 20539 Books
    AGRICULTURE JRU Library JRU Library SHELF-43-D 01/07/2016 1000.00 20537 20540 Books
    AGRICULTURE JRU Library JRU Library SHELF-43-D 01/07/2016 1000.00 20537 20541 Books